Statistiques concernant Gardien de Ligue 1

Cliquez ici pour prendre le quiz!

Statistiques générales

  • Ce quiz a été pris 38 fois
  • Le résultat moyen est 33 sur 198

Statistiques - réponses

Minutes jouéesClubRéponse% Correct
35 220Olympique de Marseille
Stade Rennais FC
Mandanda
96%
31 033Olympique LyonnaisLopes
93%
31 299AS Monaco
AS Saint-Étienne
Ruffier
93%
36 115AJ Auxerre
FC Girondins de Bordeaux
Stade Rennais FC
Costil
82%
21 405FC Nantes
Toulouse FC
Lafont
82%
4 940Paris Saint-GermainDonnarumma
79%
23 870AS Monaco
FC Lorient
Montpellier Hérault SC
Lecomte
79%
6 270Paris Saint-GermainNavas
71%
17 038AS MonacoSubasic
71%
5 535Olympique de MarseilleLópez
68%
13 249LOSC LilleMaignan
68%
9 862Paris Saint-Germain
SC Bastia
Areola
64%
12 570LOSC Lille
SC Bastia
Landreau
64%
7 134Olympique de Marseille
RC Lens
SM Caen
Samba
64%
12 905Paris Saint-GermainSirigu
64%
2 786FC Metz
Stade de Reims
Stade Rennais FC
Carrasso
57%
20 148FC Girondins de BordeauxCarrasso
57%
5 589Paris Saint-GermainTrapp
57%
16 544Olympique Lyonnais
SM Caen
Vercoutre
57%
12 621RC Lens
SC Bastia
Leca
54%
6 704Olympique LyonnaisLloris
54%
16 244Angers SCO
ESTAC Troyes
FC Girondins de Bordeaux
Nîmes Olympique
Bernardoni
50%
12 825LOSC LilleEnyeama
50%
11 311FC Nantes
Olympique Lyonnais
Riou
50%
2 812RC LensRiou
50%
14 975OGC NiceBenítez
46%
1 295Paris Saint-GermainCoupet
46%
13 050RC Strasbourg AlsaceSels
46%
2 880LOSC LilleChevalier
43%
450OGC Nice
Paris Saint-Germain
Bulka
39%
5 670Stade de Reims
Stade Rennais FC
Mendy
39%
18 711Dijon FCO
FC Lorient
Nîmes Olympique
Toulouse FC
Reynet
39%
1 530Paris Saint-GermainBuffon
36%
6 609FC Sochaux-Montbéliard
Olympique de Marseille
Pelé
36%
6 684OGC NiceCardinale
32%
7 420FC Nantes
Toulouse FC
Dupé
32%
16 696Montpellier Hérault SCJourdren
32%
3 259Angers SCO
Paris Saint-Germain
Letellier
32%
2 925Stade de ReimsDiouf
29%
6 301Dijon FCO
Stade Rennais FC
Gomis
29%
5 548Stade Brestois 29Larsonneur
29%
10 049AC AjaccioOchoa
29%
8 774FC Metz
RC Strasbourg Alsace
Oukidja
29%
6 750Stade Brestois 29Bizot
25%
4 269Paris Saint-Germain
Stade Rennais FC
Douchez
25%
9 270Amiens SCGurtner
25%
6 840AS MonacoNübel
25%
143FC Girondins de BordeauxRamé
25%
1 013Paris Saint-GermainRico
25%
4 422EA Guingamp
ESTAC Troyes
Samassa
25%
3 240OGC NiceSchmeichel
25%
5 901FC Nantes
Olympique Lyonnais
Tătărușanu
25%
11 888Toulouse FCAhamada
21%
2 126Paris Saint-GermainEdel
21%
8 550LOSC Lille
Stade Brestois 29
Elana
21%
1 920AS Saint-ÉtienneGreen
21%
4 230AS Monaco
FC Lorient
Nardi
21%
12 780Valenciennes FCPenneteau
21%
8 939Angers SCOButelle
18%
3 788EA Guingamp
FC Metz
Caillard
18%
3 330Clermont Foot 63Diaw
18%
5 265ESTAC Troyes
FC Lorient
FC Sochaux-Montbéliard
SM Caen
Dreyer
18%
1 212RC LensFariñez
18%
2 819Montpellier Hérault SC
RC Strasbourg Alsace
Kamara
18%
4 959AC Ajaccio
Dijon FCO
Évian Thonon Gaillard Football Club
Leroy
18%
4 685AS Saint-Étienne
ESTAC Troyes
Moulin
18%
9 974FC LorientAudard
14%
495Olympique de MarseilleBlanco
14%
1 485Stade Rennais FCDiallo
14%
1 049Olympique LyonnaisGorgelin
14%
21Paris Saint-GermainLe Crom
14%
2 418AS Monaco
FC Lorient
Mannone
14%
1 813FC LorientMvogo
14%
11 221OGC NiceOspina
14%
4 024FC Sochaux-MontbéliardRichert
14%
1 865Montpellier Hérault SCBertaud
11%
2 970Angers SCO
Toulouse FC
Boucher
11%
90FC NantesDescamps
11%
2 204Clermont Foot 63Djoco
11%
4 138OGC NiceHassen
11%
3 473AS Saint-ÉtienneJanot
11%
5 450FC Metz
RC Strasbourg Alsace
Kawashima
11%
5 985Stade Rennais FCKoubek
11%
483AJ Auxerre
Stade Brestois 29
Léon
11%
940Angers SCO
OGC Nice
Mandréa
11%
6 076Montpellier Hérault SCPionnier
11%
1 260FC Girondins de BordeauxPoussin
11%
9 136Stade de ReimsRajkovic
11%
9 900SC Bastia
SM Caen
Stade Brestois 29
Thébaux
11%
8 338Stade de ReimsAgassa
7%
1 486Stade Rennais FCAlemdar
7%
72FC Sochaux-MontbéliardCamara
7%
2 700FC Sochaux-MontbéliardCros
7%
1 303Clermont Foot 63Desmas
7%
5 458ESTAC TroyesGallon
7%
1 890LOSC LilleGrbic
7%
8 229EA GuingampJohnsson
7%
6 432Montpellier Hérault SCOmlin
7%
4 227Stade de ReimsPlacide
7%
436Olympique LyonnaisPollersbeck
7%
5 318FC Sochaux-Montbéliard
OGC Nice
Pouplin
7%
2 516FC Girondins de BordeauxPrior
7%
2 250Montpellier Hérault SCRulli
7%
3 151Dijon FCORúnarsson
7%
2 870RC LensRunje
7%
1 890EA Guingamp
Stade Rennais FC
Salin
7%
90AC AjaccioSissoko
7%
6 660AJ AuxerreSorin
7%
528AS MonacoSy
7%
1 080Dijon FCOAllagbé
4%
1 155Dijon FCOAllain
4%
690AS Saint-ÉtienneBajic
4%
2 283AS MonacoBenaglio
4%
940RC Strasbourg Alsace
SC Bastia
Bonnefoi
4%
270Stade Brestois 29Cibois
4%
94AC AjaccioDebès
4%
317Nîmes OlympiqueDias
4%
990Angers SCOFofana
4%
5 490AS Nancy-LorraineGrégorini
4%
3 642
SC Bastia
Évian Thonon Gaillard Football Club
Hansen
4%
167Stade Brestois 29Hartock
4%
2 070LOSC LilleJardim
4%
4 543Évian Thonon Gaillard Football ClubLaquait
4%
90Stade de ReimsLemaître
4%
1 170Montpellier Hérault SCLigali
4%
6 019EA GuingampLössl
4%
90AS MonacoMajecki
4%
153Stade Rennais FCN'Diaye
4%
411FC Girondins de BordeauxOlimpa
4%
90FC NantesOlliero
4%
1 890Angers SCO
FC Nantes
Petric
4%
43AS MonacoRoma
4%
90AS MonacoStekelenburg
4%
2 605Toulouse FCValverde
4%
3 436Évian Thonon Gaillard Football ClubAndersen
0%
7 896AS Nancy-Lorraine
EA Guingamp
Assembé
0%
90RC LensAtrous
0%
45AS MonacoBadiashile
0%
22Stade de ReimsBastien
0%
519RC LensBelon
0%
39FC MetzBeunardeau
0%
90Stade Brestois 29Blázquez
0%
267Toulouse FCBlondel
0%
270SM CaenBosmel
0%
90Amiens SCBouet
0%
630AS Nancy-LorraineBracigliano
0%
938FC Lorient
Stade Brestois 29
Cappone
0%
208Montpellier Hérault SCCarvalho
0%
435AS MonacoChabbert
0%
1 395FC LorientChaigneau
0%
42SC BastiaCharruau
0%
1 376AS Nancy-LorraineChernik
0%
180OGC NiceClémentia
0%
766FC Lorient
FC Metz
Delecroix
0%
1 151OGC NiceDelle
0%
90AS MonacoDe Sanctis
0%
3 600FC MetzDidillon
0%
121Évian Thonon Gaillard Football ClubDurand
0%
157OGC NiceFernández
0%
69Stade de ReimsGarel
0%
221GFC AjaccioGoda
0%
1 809Toulouse FCGoicoechea
0%
140GFC AjaccioGuerin
0%
50EA GuingampGuivarch
0%
259FC Girondins de BordeauxJug
0%
306Toulouse FCKalinic
0%
551RC LensKasraoui
0%
14FC Girondins de BordeauxKeita
0%
360LOSC LilleKoffi
0%
331OGC NiceLétizi
0%
135Stade de ReimsLiébus
0%
751ESTAC TroyesLis
0%
168AS Saint-ÉtienneMaisonnial
0%
3 060GFC AjaccioMaury
0%
90Stade Rennais FCM'Bolhi
0%
1 683Athlétic Club ArlésienMerville
0%
1 440FC MetzMezui
0%
2 668Angers SCOMichel
0%
270LOSC LilleMouko
0%
1 980SC Bastia
Valenciennes FC
Novaes
0%
305AC Ajaccio
FC Metz
Oberhauser
0%
90Dijon FCOPadovani
0%
630Stade de ReimsPentz
0%
1 530Angers SCOPetkovic
0%
1 558Athlétic Club ArlésienPlanté
0%
82AC AjaccioQuilichini
0%
1 890Dijon FCORacioppi
0%
1 530AJ AuxerreRadu
0%
197SM CaenReulet
0%
228AS MonacoRomero
0%
540AC AjaccioSollacaro
0%
3 420ESTAC TroyesThuram
0%
450OGC NiceVeronese
0%
93Toulouse FCVidal
0%
389SC BastiaVincensini
0%
180Évian Thonon Gaillard Football ClubWestberg
0%
180Athlétic Club ArlésienYattara
0%
1 530ESTAC TroyesZelazny
0%

Distribution des résultats

Percentile par nombre de réponses

% des personnes avec chaque résultat

Votre développement - résultats

Vous n’avez pas pris ce quiz